Estatísticas para Países do Mar da China Meridional

Clique aqui para jogar o quiz

Estatísticas Gerais

  • Esse quiz foi jogado 1 329 vezes
  • A pontuação média é 7 de 8

Estatísticas das Respostas

País% Correto
Indonésia
92%
Taiwan
90%
Vietnã
90%
Filipinas
89%
Malásia
88%
China
83%
Singapura
82%
Brunei
80%

Distribuição das Pontuações

Percentil de Números Respondidos

Porcentagem de Pessoas com Cada Pontuação

Sua Pontuação Histórica

Você não jogou esse quiz